A textbook of electronics engineering

Bibliographic Details
Main Author: Gupta, J. B
Format: Book
Published: New Delhi : S. K. Kataria & Sons , 2011
Subjects:

MARC

LEADER 00000cam a2200000 7i4500
001 0000044132
005 20141216.0
008 141216
020 |a 9350144374 
090 0 0 |a 530.14   |b GUP 
100 1 |a Gupta, J. B 
245 1 2 |a A textbook of electronics engineering   |c J. B. Gupta 
260 |a New Delhi :   |b S. K. Kataria & Sons ,   |c 2011 
650 0 |a Electric engineering   |x Textbooks 
650 0 |a Electronics   |x Textbooks 
999 |a 0001324027   |b Book   |c Adult Collection   |e Perbadanan Perpustakaan Awam Johor